Military forces and political conflicts in the Mediterranean

The Atlantic Institute is a private international organization which promotes co-operation among the Atlantic nations and Japan in economic, political, social and cultural affairs. Its work extends not only to the relationship of those countries between themselves but also with those of the East and...

תיאור מלא

שמור ב:
מידע ביבליוגרפי
פורמט: ספר
שפה:Undetermined
יצא לאור: Paris The Atlantic Institute 1970
נושאים:
תגים: הוספת תג
אין תגיות, היה/י הראשונ/ה לתייג את הרשומה!
Thư viện lưu trữ: Trung tâm Học liệu Trường Đại học Cần Thơ
LEADER 00822nam a2200181Ia 4500
001 CTU_108321
008 210402s9999 xx 000 0 und d
082 |a 320.956 
082 |b M644 
245 0 |a Military forces and political conflicts in the Mediterranean 
260 |a Paris 
260 |b The Atlantic Institute 
260 |c 1970 
520 |a The Atlantic Institute is a private international organization which promotes co-operation among the Atlantic nations and Japan in economic, political, social and cultural affairs. Its work extends not only to the relationship of those countries between themselves but also with those of the East and of the developing world. 
650 |a Middle east 
650 |x Politics and government 
904 |i M.Loan 
980 |a Trung tâm Học liệu Trường Đại học Cần Thơ